000 00746aas a2200241 4500
999 _c729
_d729
003 BR-BrBNA
005 20230317232848.0
007 ta
008 230119b bl ||||| |||| 00| 0 por d
022 _a0100-607X
035 _a000485-5
040 _aBR-BrBNA
_bPOr
_cBR-BrBNA
042 _a068268-3
044 _abl
245 _aRevista do Setor de Ciências Agrárias (Brazil)
260 _aCuritiba-PR
_bUniversidade Federal do Paraná - Setor de Ciências Agrárias
_c1979. Data final de publicação em 1999
_eBPR
270 _aCaixa Postal, 441 - Biblioteca Central - Cep: 80.001
310 _asemestral (duas vezes por ano
505 _a1979 1(1); 1980-99 2-18(1-2);
650 1 2 _gAGRICULTURA
909 _a56
_bSergio Santos
_c56
_dSergio Santos
942 _cCR
_2AGRIS